Name the Sport Based on the Image - Statistics

General Stats
  • This quiz has been taken 56 times
  • The average score is 15 of 16
Answer Stats
Picture Answer % Correct
Baseball
100%
Bowling
100%
Boxing
100%
Golf
100%
Hockey / Ice Hockey
100%
Soccer / Football
100%
Tennis
100%
Basketball
98%
Cheer / Gymnastics
98%
Chess
96%
Rugby
94%
Volleyball
94%
Badminton
92%
Surfing
92%
Wrestling
92%
Hurdles / Track / Field
80%
No matching quizzes found
Score Distribution
Percent of People with Each Score
Percentile by Number Answered
Your Score History
You have not taken this quiz